5HLuxD.jpg

KING HENRY VIII SENIOR AND PRIMARY SCHOOL LIBRARY OPAC

Changes / (Record no. 1564)

000 -LEADER
fixed length control field 01167cam a2200289Mi 4500
001 - CONTROL NUMBER
control field .b23466509
003 - CONTROL NUMBER IDENTIFIER
control field OSt
005 - DATE AND TIME OF LATEST TRANSACTION
control field 20230112112026.0
008 - FIXED-LENGTH DATA ELEMENTS--GENERAL INFORMATION
fixed length control field 171113r20081990enka g 000 1 eng d
020 ## - INTERNATIONAL STANDARD BOOK NUMBER
International Standard Book Number 9781406313390
Qualifying information (pbk.) :
040 ## - CATALOGING SOURCE
Original cataloging agency NLGGC
Language of cataloging dut
Description conventions fobidrtb
Transcribing agency NLGGC
Modifying agency OCLCO
-- OCLCF
-- OCLCQ
-- OCL
-- OCLCO
-- FCU
-- KH8
041 0# - LANGUAGE CODE
Language code of text/sound track or separate title eng
042 ## - AUTHENTICATION CODE
Authentication code nbic
044 ## - COUNTRY OF PUBLISHING/PRODUCING ENTITY CODE
MARC country code xxk
Local subentity code enk
082 0# - DEWEY DECIMAL CLASSIFICATION NUMBER
Classification number 823.914 BRO
100 1# - MAIN ENTRY--PERSONAL NAME
Personal name Browne, Anthony.
Relator term author
245 10 - TITLE STATEMENT
Title Changes /
Statement of responsibility, etc. by Anthony Browne.
260 ## - PUBLICATION, DISTRIBUTION, ETC.
Place of publication, distribution, etc. London, England :
Name of publisher, distributor, etc. Walker Books,
Date of publication, distribution, etc. 2008.
300 ## - PHYSICAL DESCRIPTION
Extent 1 v. :
Other physical details chiefly color ill. ;
Dimensions 30 cm.
500 ## - GENERAL NOTE
General note Originally published: London: Julia MacRae, 1990.
520 ## - SUMMARY, ETC.
Summary, etc. As he waits at home for his parents to return, a young boy ponders his father's remark "Things are going to change around here" and begins to imagine all kinds of changes in the world around him. A sophisticated picture book. Suggested level: junior, primary.
650 #0 - SUBJECT ADDED ENTRY--TOPICAL TERM
Topical term or geographic name entry element Brothers and sisters
Form subdivision Pictorial works
-- Juvenile fiction.
650 #0 - SUBJECT ADDED ENTRY--TOPICAL TERM
Topical term or geographic name entry element Children's stories.
650 #0 - SUBJECT ADDED ENTRY--TOPICAL TERM
Topical term or geographic name entry element Imagination
Form subdivision Fiction.
655 #7 - INDEX TERM--GENRE/FORM
Genre/form data or focus term Children's stories
Form subdivision Pictorial works.
Source of term gsafd.
942 ## - ADDED ENTRY ELEMENTS (KOHA)
Source of classification or shelving scheme
Koha item type Books - Non Ficton
Holdings
Withdrawn status Lost status Source of classification or shelving scheme Damaged status Not for loan Collection code Permanent Location Current Location Shelving location Date acquired Total Checkouts Full call number Barcode Date last seen Date last checked out Price effective from Koha item type
          Non-Fiction KH8 Primary School Library KH8 Primary School Library Fiction 2023-01-12 7 823.914 BRO KHPL000003325 2025-11-21 2025-11-14 2023-01-12 Books - Non Ficton

Powered By KH8 IT Dept